000 00810nam a2200253Ia 4500
003 OSt
005 20220923211005.0
006 a|||||r|||| 00| 0
007 ta
008 220922b |||||||| |||| 00| 0 hin d
020 _a8170165857
024 _a216,536
037 _cTextual
040 _aARTS
_cARTS
_bhin
041 _2hin
_ahin
082 _aV2y7M91, 152P3
100 _aरत्तू, नानकचंद
_9156279
245 0 _aअम्बेदकर जीवन के अंतिम कुछ वर्ष
246 _aAmbedakar jīvan ke aantim kuchh varṣha
260 _aदिल्ली
_b किताब घर
_c2003
300 _a315i`
_ccm.
942 _hV2y7M91, 152P3
_cTEXL
_2CC
999 _c293610
_d293610